Statystyki dla Największe miasta w województwie podlaskim

Kliknij tutaj aby rozwiązać quiz!

Ogólne statystyki

  • Ten quiz został rozwiązany 413 razy
  • Średni wynik to 12 z 20

Statystyki odpowiedzi

LpPopulacjaOdpowiedź% Poprawnych
1297 356Białystok
99%
269 858Suwałki
93%
362 965Łomża
90%
430 190Augustów
82%
820 580Hajnówka
70%
525 290Bielsk Podlaski
67%
622 098Zambrów
65%
721 909Grajewo
61%
918 134Sokółka
57%
149986Mońki
56%
1114 418Siemiatycze
55%
195286Sejny
54%
159415Wysokie Mazowieckie
52%
1310 214Kolno
48%
1015 609Łapy
48%
169318Czarna Białostocka
37%
175890Choroszcz
36%
185520Dąbrowa Białostocka
35%
1211 527Wasilków
33%
204631Ciechanowiec
24%

Rozkład punktacji

Percentyl według liczby udzielonych odpowiedzi

Procent ludzi z każdym wynikiem

Twoja historia wyników

Nie rozwiązałeś tego quizu